000 00232nam a2200109Ia 4500
008 200302s9999 xx 000 0 und d
100 _aToyo Ito
245 _aToyo Ito
260 _bPhaidon Perss Ltd.
260 _c2009
300 _a231
999 _c3382
_d3382